[Event "Quebec-ch"]
[Site "Montreal CAN"]
[Date "2025.08.16"]
[Round "2.1"]
[White "Migot, Tangi"]
[Black "Ouellet, Maili-Jade"]
[Result "0-1"]
[WhiteElo "2344"]
[BlackElo "2331"]
[WhiteFideId "-1"]
[WhiteFideId "-1"]
[PlyCount "150"]
[GameId "2214873076049949"]
[EventDate "2025.08.15"]
[EventType "tourn"]
[EventRounds "9"]
[EventCountry "CAN"]
[EventCategory "2"]
[SourceTitle "The Week in Chess 1607"]
[Source "Mark Crowther"]
[SourceDate "2025.08.25"]
[SourceVersion "1"]
[SourceVersionDate "2025.08.25"]
[SourceQuality "2"]

1. e4 c5 2. Nf3 Nc6 3. d3 e6 4. g3 d5 5. Qe2 Nf6 6. Bg2 b6 7. O-O h6 8. Re1 Bb7 9. a3 Be7 10. Nbd2 Qc7 11. c3 O-O-O 12. e5 Nd7 13. b4 g5 14. b5 Na5 15. h3 h5 16. Rb1 Rdg8 17. a4 g4 18. hxg4 Rxg4 19. d4 Rg7 20. Nf1 h4 21. Bf4 Nf8 22. N1h2 Nc4 23. g4 Ng6 24. Bc1 h3 25. Bh1 Kb8 26. g5 Nh4 27. Kf1 Qd8 28. Nxh4 Rxh4 29. f4 cxd4 30. cxd4 Ba3 31. Qf2 Qh8 32. Bxa3 Nxa3 33. Rb3 Nc4 34. Rc3 Rg8 35. Rd1 Rc8 36. Rdc1 a6 37. Qg3 Qh5 38. Ke1 Rh8 39. Qf3 Qxf3 40. Rxf3 Bc8 41. Rc2 axb5 42. axb5 Bd7 43. Kf2 Bxb5 44. Kg3 Ba4 45. Rc1 R4h5 46. Rd3 b5 47. Ng4 h2 48. Nh6 b4 49. Rb1 b3 50. Rdxb3+ Bxb3 51. Rxb3+ Kc7 52. Rc3 Kb6 53. Kg4 R5xh6 54. gxh6 Rxh6 55. f5 Nd2 56. Rc2 Ne4 57. fxe6 fxe6 58. Kf4 Kb5 59. Kf3 Kb4 60. Kg2 Nc3 61. Rf2 Ne4 62. Rc2 Kb3 63. Rc8 Rh4 64. Re8 Ng5 65. Kg3 Rxd4 66. Kxh2 Rg4 67. Bg2 Kc3 68. Ra8 d4 69. Kg1 Nf3+ 70. Kf2 Nxe5 71. Bh3 Re4 72. Rc8+ Kd2 73. Rd8 Nd3+ 74. Kf1 e5 75. Ra8 Re1+ 0-1

[Event "Quebec-ch"]
[Site "Montreal CAN"]
[Date "2025.08.16"]
[Round "2.2"]
[White "Lesiege, Alexandre"]
[Black "Sambuev, Bator"]
[Result "1/2-1/2"]
[WhiteElo "2478"]
[BlackElo "2414"]
[WhiteFideId "-1"]
[WhiteFideId "-1"]
[PlyCount "68"]
[GameId "2214873076049950"]
[EventDate "2025.08.15"]
[EventType "tourn"]
[EventRounds "9"]
[EventCountry "CAN"]
[EventCategory "2"]
[SourceTitle "The Week in Chess 1607"]
[Source "Mark Crowther"]
[SourceDate "2025.08.25"]
[SourceVersion "1"]
[SourceVersionDate "2025.08.25"]
[SourceQuality "2"]

1. d4 Nf6 2. c4 e6 3. Nf3 d5 4. g3 c6 5. Bg2 dxc4 6. O-O b5 7. Ne5 Bb7 8. a4 a6 9. b3 cxb3 10. Qxb3 Qxd4 11. Bb2 Qb4 12. Qc2 Qc5 13. Qd3 Be7 14. Nd2 Qb6 15. Ne4 Nd5 16. Nxf7 Kxf7 17. Qf3+ Bf6 18. Ng5+ Ke7 19. a5 Qc7 20. e4 Nf4 21. gxf4 Bxb2 22. Rad1 Bf6 23. Nxe6 Kxe6 24. e5 Kf7 25. Rfe1 c5 26. Qg4 h5 27. Qf5 Bxg2 28. exf6 gxf6 29. Re6 Nd7 30. Rxd7+ Qxd7 31. Qxf6+ Kg8 32. Qg6+ Qg7 33. Re8+ Rxe8 34. Qxe8+ Kh7 1/2-1/2

[Event "Quebec-ch"]
[Site "Montreal CAN"]
[Date "2025.08.16"]
[Round "2.3"]
[White "Chiku-Ratte, Olivier-Kenta"]
[Black "Sai, Krishna GV"]
[Result "0-1"]
[WhiteElo "2309"]
[BlackElo "2390"]
[WhiteFideId "-1"]
[WhiteFideId "-1"]
[PlyCount "88"]
[GameId "2214873076049951"]
[EventDate "2025.08.15"]
[EventType "tourn"]
[EventRounds "9"]
[EventCountry "CAN"]
[EventCategory "2"]
[SourceTitle "The Week in Chess 1607"]
[Source "Mark Crowther"]
[SourceDate "2025.08.25"]
[SourceVersion "1"]
[SourceVersionDate "2025.08.25"]
[SourceQuality "2"]

1. e4 e5 2. Nf3 Nc6 3. Nc3 Nf6 4. Bb5 Bd6 5. O-O O-O 6. d3 Re8 7. Bg5 h6 8. Bh4 Bf8 9. Nd5 g5 10. Bg3 Bg7 11. c3 d6 12. Nxf6+ Qxf6 13. d4 Qg6 14. d5 a6 15. Be2 Ne7 16. Nd2 Rf8 17. Bh5 Qh7 18. f3 f5 19. Qe2 Kh8 20. c4 Ng6 21. Bxg6 Qxg6 22. c5 dxc5 23. Rfc1 b6 24. b4 c6 25. dxc6 cxb4 26. Nc4 Qxc6 27. Bf2 Qb5 28. a4 bxa3 29. Rcb1 Qc6 30. Rxb6 Qc7 31. Rxa3 fxe4 32. Re3 exf3 33. gxf3 Bd7 34. Rxe5 Bb5 35. Rbxb5 axb5 36. Rxb5 g4 37. Rb1 gxf3 38. Qd3 Ra2 39. Nd6 Qc2 40. Nf7+ Rxf7 41. Rb8+ Rf8 42. Rxf8+ Bxf8 43. Bd4+ Kg8 44. Qxf3 Qb1+ 0-1

[Event "Quebec-ch"]
[Site "Montreal CAN"]
[Date "2025.08.16"]
[Round "2.4"]
[White "Duong, Thanh Nha"]
[Black "Lamontagne, Damien"]
[Result "1-0"]
[WhiteElo "2154"]
[BlackElo "1845"]
[WhiteFideId "-1"]
[WhiteFideId "-1"]
[PlyCount "75"]
[GameId "2214873076049952"]
[EventDate "2025.08.15"]
[EventType "tourn"]
[EventRounds "9"]
[EventCountry "CAN"]
[EventCategory "2"]
[SourceTitle "The Week in Chess 1607"]
[Source "Mark Crowther"]
[SourceDate "2025.08.25"]
[SourceVersion "1"]
[SourceVersionDate "2025.08.25"]
[SourceQuality "2"]

1. d4 Nf6 2. Nf3 e6 3. e3 d5 4. Bd3 c5 5. b3 Nc6 6. O-O Be7 7. Bb2 O-O 8. Nbd2 b6 9. Ne5 Bb7 10. a3 Nxe5 11. dxe5 Ne4 12. Qh5 g6 13. Qe2 Nxd2 14. Qxd2 Rc8 15. Qe2 Qc7 16. c4 Rfd8 17. f4 dxc4 18. bxc4 Qc6 19. e4 Bf8 20. h4 Rd7 21. Bc3 Rcd8 22. Bc2 Bg7 23. h5 a6 24. a4 h6 25. Rf3 Kh7 26. Rg3 Rg8 27. Rb1 a5 28. Bd2 Ba6 29. Be3 Bf8 30. Rh3 Be7 31. hxg6+ fxg6 32. f5 g5 33. Qh5 Bf8 34. Bxg5 Rxg5 35. Qxg5 Bxc4 36. Qg6+ Kh8 37. f6 Qc7 38. Rg3 1-0

[Event "Quebec-ch"]
[Site "Montreal CAN"]
[Date "2025.08.16"]
[Round "2.5"]
[White "Zheng, Richard"]
[Black "Latorre, Vincent"]
[Result "1/2-1/2"]
[WhiteElo "2291"]
[BlackElo "2337"]
[WhiteFideId "-1"]
[WhiteFideId "-1"]
[PlyCount "51"]
[GameId "2214873076049953"]
[EventDate "2025.08.15"]
[EventType "tourn"]
[EventRounds "9"]
[EventCountry "CAN"]
[EventCategory "2"]
[SourceTitle "The Week in Chess 1607"]
[Source "Mark Crowther"]
[SourceDate "2025.08.25"]
[SourceVersion "1"]
[SourceVersionDate "2025.08.25"]
[SourceQuality "2"]

1. Nf3 d5 2. b3 c5 3. e3 Nf6 4. Bb2 e6 5. d4 Nbd7 6. Nbd2 Be7 7. Bd3 b6 8. O-O O-O 9. Ne5 Bb7 10. Qe2 Nxe5 11. dxe5 Ne4 12. Bxe4 dxe4 13. Rfd1 Qc7 14. Qg4 Qc6 15. Nc4 Rad8 16. Nd6 h5 17. Qxh5 Bxd6 18. Rxd6 Rxd6 19. exd6 Qxd6 20. Rd1 Qe7 21. Qe5 f6 22. Qd6 Qxd6 23. Rxd6 Rf7 24. Rd8+ Rf8 25. Rd7 Rf7 26. Rd8+ 1/2-1/2

[Event "Quebec-ch"]
[Site "Montreal CAN"]
[Date "2025.08.16"]
[Round "3.1"]
[White "Latorre, Vincent"]
[Black "Migot, Tangi"]
[Result "1/2-1/2"]
[WhiteElo "2337"]
[BlackElo "2344"]
[WhiteFideId "-1"]
[WhiteFideId "-1"]
[PlyCount "165"]
[GameId "2214873076049954"]
[EventDate "2025.08.15"]
[EventType "tourn"]
[EventRounds "9"]
[EventCountry "CAN"]
[EventCategory "2"]
[SourceTitle "The Week in Chess 1607"]
[Source "Mark Crowther"]
[SourceDate "2025.08.25"]
[SourceVersion "1"]
[SourceVersionDate "2025.08.25"]
[SourceQuality "2"]

1. e4 e5 2. Nf3 Nc6 3. Bc4 Bc5 4. d3 Nf6 5. Bg5 h6 6. Bh4 Be7 7. O-O d6 8. a4 O-O 9. a5 Be6 10. Bxe6 fxe6 11. a6 b5 12. c3 Rb8 13. Nbd2 Nd7 14. Bg3 Bf6 15. b4 Rb6 16. Qb3 Re8 17. Ra3 Ncb8 18. Rfa1 Qc8 19. d4 exd4 20. cxd4 Nxa6 21. Rc1 Qb7 22. Qb1 Nf8 23. e5 Be7 24. Rac3 d5 25. Rb3 Rc6 26. Rf1 Qb6 27. Bf4 Nxb4 28. Rxb4 Bxb4 29. Qxb4 a5 30. Qb2 b4 31. Nb3 Qb5 32. Nc5 Ra8 33. Bd2 Rb6 34. Ra1 Nd7 35. Nxd7 Qxd7 36. Ne1 Qb5 37. Qb1 b3 38. Nd3 a4 39. Bb4 Qc4 40. Ba3 Rb5 41. Bb2 Qc2 42. Qf1 Qc6 43. h4 Rba5 44. Ra3 Qc2 45. Kh2 Qc4 46. Qe2 R5a6 47. Qd2 Rb6 48. Ra1 Qc2 49. Qe3 a3 50. Bxa3 Rba6 51. Rc1 Rxa3 52. Rxc2 bxc2 53. Qd2 Rxd3 54. Qxc2 Rxd4 55. Qc6 Rf8 56. Qxe6+ Kh8 57. Kg3 Rdf4 58. f3 d4 59. Qd7 R4f7 60. Qxd4 Re7 61. f4 Kg8 62. Qd5+ Kh8 63. Kg4 Rfe8 64. g3 Kh7 65. h5 Kh8 66. Kf5 Rf8+ 67. Ke4 Rfe8 68. Qc6 Kg8 69. Qd5+ Kh8 70. g4 Kh7 71. Kf5 Rf8+ 72. Ke4 Rfe8 73. Qc6 Kg8 74. Kd5 Rd8+ 75. Ke4 Rde8 76. Qg6 Re6 77. Qf5 R6e7 78. Kd5 Rd8+ 79. Kc5 Rf8 80. Qe4 Rfe8 81. Qd5+ Kh8 82. Qe4 Kg8 83. Qf5 1/2-1/2

[Event "Quebec-ch"]
[Site "Montreal CAN"]
[Date "2025.08.16"]
[Round "3.2"]
[White "Lamontagne, Damien"]
[Black "Zheng, Richard"]
[Result "0-1"]
[WhiteElo "1845"]
[BlackElo "2291"]
[WhiteFideId "-1"]
[WhiteFideId "-1"]
[PlyCount "60"]
[GameId "2214873076049955"]
[EventDate "2025.08.15"]
[EventType "tourn"]
[EventRounds "9"]
[EventCountry "CAN"]
[EventCategory "2"]
[SourceTitle "The Week in Chess 1607"]
[Source "Mark Crowther"]
[SourceDate "2025.08.25"]
[SourceVersion "1"]
[SourceVersionDate "2025.08.25"]
[SourceQuality "2"]

1. e4 c6 2. d4 d5 3. f3 Qb6 4. Nc3 e6 5. a3 Nf6 6. e5 Nfd7 7. f4 c5 8. Be3 Nc6 9. dxc5 Bxc5 10. Bxc5 Nxc5 11. b4 Ne4 12. Nxe4 dxe4 13. Qe2 a5 14. b5 Nd4 15. Qxe4 Qc5 16. c4 Nxb5 17. Ne2 Nxa3 18. Nc3 Qb4 19. Qd3 b5 20. cxb5 Bb7 21. Rd1 O-O 22. Be2 Rac8 23. Rc1 Qxf4 24. Qd2 Qh4+ 25. g3 Qh3 26. Bf1 Qf5 27. Rg1 Rfd8 28. Qe2 Nc4 29. Rd1 Nxe5 30. Rxd8+ Rxd8 0-1

[Event "Quebec-ch"]
[Site "Montreal CAN"]
[Date "2025.08.16"]
[Round "3.3"]
[White "Sai, Krishna GV"]
[Black "Duong, Thanh Nha"]
[Result "1-0"]
[WhiteElo "2390"]
[BlackElo "2154"]
[WhiteFideId "-1"]
[WhiteFideId "-1"]
[PlyCount "59"]
[GameId "2214873076049956"]
[EventDate "2025.08.15"]
[EventType "tourn"]
[EventRounds "9"]
[EventCountry "CAN"]
[EventCategory "2"]
[SourceTitle "The Week in Chess 1607"]
[Source "Mark Crowther"]
[SourceDate "2025.08.25"]
[SourceVersion "1"]
[SourceVersionDate "2025.08.25"]
[SourceQuality "2"]

1. Nf3 Nf6 2. g3 g6 3. Bg2 Bg7 4. O-O O-O 5. d3 d6 6. e4 c5 7. Nh4 Nc6 8. f4 Rb8 9. f5 Nd7 10. g4 b5 11. g5 Bb7 12. Nc3 Nd4 13. Nd5 Bxd5 14. exd5 b4 15. Rf2 Rc8 16. Qf1 Be5 17. Bh3 Rc7 18. c3 bxc3 19. bxc3 Nb5 20. d4 Nxd4 21. cxd4 Bxd4 22. Bb2 Bxf2+ 23. Qxf2 Ne5 24. Qe2 Rb7 25. Bxe5 dxe5 26. fxg6 hxg6 27. Nxg6 Qxd5 28. Rd1 Rb2 29. Nxe7+ Kg7 30. Qh5 1-0

[Event "Quebec-ch"]
[Site "Montreal CAN"]
[Date "2025.08.16"]
[Round "3.4"]
[White "Sambuev, Bator"]
[Black "Chiku-Ratte, Olivier-Kenta"]
[Result "1/2-1/2"]
[WhiteElo "2414"]
[BlackElo "2309"]
[WhiteFideId "-1"]
[WhiteFideId "-1"]
[PlyCount "177"]
[GameId "2214873076049957"]
[EventDate "2025.08.15"]
[EventType "tourn"]
[EventRounds "9"]
[EventCountry "CAN"]
[EventCategory "2"]
[SourceTitle "The Week in Chess 1607"]
[Source "Mark Crowther"]
[SourceDate "2025.08.25"]
[SourceVersion "1"]
[SourceVersionDate "2025.08.25"]
[SourceQuality "2"]

1. c4 e6 2. Nc3 d5 3. d4 Nf6 4. cxd5 Nxd5 5. e4 Nxc3 6. bxc3 c5 7. Rb1 Be7 8. h4 O-O 9. h5 cxd4 10. cxd4 b6 11. h6 g6 12. Bc4 Bb7 13. f3 Nc6 14. Ne2 Rc8 15. Bb3 Ba6 16. Be3 Bh4+ 17. g3 Bf6 18. e5 Be7 19. Nf4 Na5 20. Kf2 Nxb3 21. axb3 Bb7 22. b4 Rc4 23. b5 Qc7 24. Qd3 Rc8 25. Rhc1 Rc2+ 26. Bd2 Kf8 27. Ke2 Ke8 28. Kd1 Rxc1+ 29. Rxc1 Qd7 30. Rxc8+ Qxc8 31. Nh3 Qd8 32. Nf2 f6 33. exf6 Bxf6 34. Bc3 Kf7 35. Ng4 Qd5 36. Ke2 Qf5 37. Qe3 Bd5 38. Kf2 g5 39. Nxf6 Qxf6 40. Bd2 Qxh6 41. Kg1 Qf6 42. Qxg5 Qxf3 43. Qf4+ Ke8 44. Qxf3 Bxf3 45. Kf2 Bd5 46. Ke3 Bc4 47. Ke4 Kd7 48. Bf4 Bxb5 49. d5 exd5+ 50. Kxd5 Bf1 51. Bd2 Bg2+ 52. Kd4 Kc6 53. Be1 Bh3 54. Bd2 a6 55. Bg5 Kd7 56. Bf6 Be6 57. Bg5 a5 58. Bf6 h6 59. Bg7 h5 60. Bf6 Bg4 61. Bg5 Bh3 62. Bf6 Bf1 63. Bg5 Be2 64. Bf6 Kc7 65. Bg5 Kb7 66. Bd8 Ka6 67. Bc7 Kb5 68. Bd8 Bf1 69. Kc3 Be2 70. Bc7 Bc4 71. Bd8 Bf7 72. Bc7 Ka6 73. Kd4 Ka7 74. Bd8 Kb7 75. Kc3 Be6 76. Kd4 Kc6 77. Kc3 Kc5 78. Bc7 a4 79. Bd8 b5 80. Be7+ Kd5 81. Kb4 Bd7 82. Bf8 Be8 83. Be7 Ke4 84. Bd6 Bd7 85. Be7 Kf3 86. Bd6 Ke3 87. Be7 Kd2 88. Bd6 Kc2 89. Ka3 1/2-1/2

[Event "Quebec-ch"]
[Site "Montreal CAN"]
[Date "2025.08.16"]
[Round "3.5"]
[White "Ouellet, Maili-Jade"]
[Black "Lesiege, Alexandre"]
[Result "1-0"]
[WhiteElo "2331"]
[BlackElo "2478"]
[WhiteFideId "-1"]
[WhiteFideId "-1"]
[PlyCount "96"]
[GameId "2214873076054054"]
[EventDate "2025.08.15"]
[EventType "tourn"]
[EventRounds "9"]
[EventCountry "CAN"]
[EventCategory "2"]
[SourceTitle "The Week in Chess 1607"]
[Source "Mark Crowther"]
[SourceDate "2025.08.25"]
[SourceVersion "1"]
[SourceVersionDate "2025.08.25"]
[SourceQuality "2"]

1. d4 Nf6 2. c4 g6 3. Nc3 Bg7 4. e4 d6 5. h3 Nbd7 6. Bd3 e5 7. d5 Nc5 8. Bc2 a5 9. Nge2 O-O 10. Bg5 c6 11. O-O h6 12. Be3 cxd5 13. cxd5 Bd7 14. a4 Rc8 15. Qd2 h5 16. Kh1 Qb6 17. Nc1 Qb4 18. f3 h4 19. Nd3 Nxd3 20. Bxd3 Nh5 21. Ne2 Qxd2 22. Bxd2 b6 23. Be3 Rc5 24. Bxc5 bxc5 25. Bb5 Bc8 26. Ra3 Bh6 27. Rd1 f5 28. exf5 gxf5 29. Rb3 Bg5 30. Bc4 Bd7 31. Rb6 Bxa4 32. b3 Be8 33. Rxd6 e4 34. Re6 Bf7 35. Re5 Ng7 36. d6 Bxc4 37. bxc4 Be3 38. fxe4 f4 39. Re7 Rd8 40. Rd5 Kf8 41. Ra7 Ne6 42. Nc3 Nd4 43. Rh5 Kg8 44. e5 Rb8 45. d7 Rd8 46. Ne4 Ne2 47. e6 Kg7 48. Rb7 Nd4 1-0

[Event "Quebec-ch"]
[Site "Montreal CAN"]
[Date "2025.08.17"]
[Round "4.1"]
[White "Migot, Tangi"]
[Black "Lesiege, Alexandre"]
[Result "1/2-1/2"]
[WhiteElo "2344"]
[BlackElo "2478"]
[WhiteFideId "-1"]
[WhiteFideId "-1"]
[PlyCount "62"]
[GameId "2214873076054055"]
[EventDate "2025.08.15"]
[EventType "tourn"]
[EventRounds "9"]
[EventCountry "CAN"]
[EventCategory "2"]
[SourceTitle "The Week in Chess 1607"]
[Source "Mark Crowther"]
[SourceDate "2025.08.25"]
[SourceVersion "1"]
[SourceVersionDate "2025.08.25"]
[SourceQuality "2"]

1. e4 e5 2. Nf3 Nc6 3. Bb5 Nf6 4. O-O Nxe4 5. Re1 Nd6 6. Nxe5 Be7 7. Bf1 Nxe5 8. Rxe5 O-O 9. Nc3 Bf6 10. Re1 Re8 11. Nd5 Rxe1 12. Qxe1 b6 13. d3 Bb7 14. Nxf6+ Qxf6 15. Qb4 c5 16. Qf4 Qxf4 17. Bxf4 Nf5 18. c3 Re8 19. f3 f6 20. Kf2 g5 21. Bd2 Kf7 22. Be2 h5 23. Re1 d5 24. h3 Kg6 25. d4 c4 26. Bd1 Rxe1 27. Bxe1 Nd6 28. Bc2+ Kf7 29. Ke2 Bc8 30. Bg3 Bf5 31. Bxd6 Bxc2 1/2-1/2

[Event "Quebec-ch"]
[Site "Montreal CAN"]
[Date "2025.08.17"]
[Round "4.2"]
[White "Chiku-Ratte, Olivier-Kenta"]
[Black "Ouellet, Maili-Jade"]
[Result "1/2-1/2"]
[WhiteElo "2309"]
[BlackElo "2331"]
[WhiteFideId "-1"]
[WhiteFideId "-1"]
[PlyCount "154"]
[GameId "2214873076054056"]
[EventDate "2025.08.15"]
[EventType "tourn"]
[EventRounds "9"]
[EventCountry "CAN"]
[EventCategory "2"]
[SourceTitle "The Week in Chess 1607"]
[Source "Mark Crowther"]
[SourceDate "2025.08.25"]
[SourceVersion "1"]
[SourceVersionDate "2025.08.25"]
[SourceQuality "2"]

1. d4 d5 2. c4 e6 3. Nf3 Nf6 4. e3 Be7 5. Bd3 O-O 6. O-O dxc4 7. Bxc4 a6 8. Bd3 c5 9. dxc5 Nbd7 10. c6 Nc5 11. Be2 Qc7 12. b3 Qxc6 13. Bb2 Rd8 14. Qc2 Qe4 15. Qc3 Qg6 16. Ne5 Qh6 17. Nd2 Nd5 18. Qc1 f6 19. Bd4 Nd7 20. Nef3 Nf8 21. Bc5 Bxc5 22. Qxc5 b6 23. Qd4 Bb7 24. Rac1 Ng6 25. Qb2 Rd7 26. Nc4 Rad8 27. Rfd1 Ba8 28. Nd4 Kf7 29. Bg4 Nf8 30. Bf3 b5 31. Bxd5 Rxd5 32. Nb6 Rh5 33. h3 Rg5 34. Nxa8 Qxh3 35. f3 Rxa8 36. Rc7+ Kg8 37. Rdc1 e5 38. Nc6 Qxf3 39. Ne7+ Kh8 40. Qf2 Qxf2+ 41. Kxf2 g6 42. R1c6 f5 43. Nc8 e4 44. Rd6 f4 45. exf4 Rf5 46. Ke3 g5 47. fxg5 Rxg5 48. Rd8 Rg8 49. Kxe4 Ne6 50. Rxg8+ Kxg8 51. Rc1 a5 52. Ke5 Ng5 53. Kd5 b4 54. Ke5 a4 55. Nd6 Kg7 56. Nf5+ Kf8 57. Rc4 axb3 58. axb3 Re8+ 59. Kd5 Nf7 60. Rf4 Re5+ 61. Kd4 Re6 62. Ne3 Rg6 63. Ng4 Kg8 64. Ne3 h5 65. Kc4 Rg3 66. Kd4 Ng5 67. Rh4 Ne6+ 68. Ke4 Rg5 69. Kd3 Rb5 70. Kc4 Re5 71. Nd5 Re2 72. g3 Kf7 73. Rxh5 Re4+ 74. Kb5 Rg4 75. Nxb4 Nd4+ 76. Ka4 Rxg3 77. Rd5 Nxb3 1/2-1/2

[Event "Quebec-ch"]
[Site "Montreal CAN"]
[Date "2025.08.17"]
[Round "4.3"]
[White "Duong, Thanh Nha"]
[Black "Sambuev, Bator"]
[Result "0-1"]
[WhiteElo "2154"]
[BlackElo "2414"]
[WhiteFideId "-1"]
[WhiteFideId "-1"]
[PlyCount "90"]
[GameId "2214873076054057"]
[EventDate "2025.08.15"]
[EventType "tourn"]
[EventRounds "9"]
[EventCountry "CAN"]
[EventCategory "2"]
[SourceTitle "The Week in Chess 1607"]
[Source "Mark Crowther"]
[SourceDate "2025.08.25"]
[SourceVersion "1"]
[SourceVersionDate "2025.08.25"]
[SourceQuality "2"]

1. d4 g6 2. e4 Bg7 3. Nc3 d6 4. Bf4 Nc6 5. Bb5 Bd7 6. Nf3 a6 7. Bxc6 bxc6 8. Qd2 Qb8 9. b3 Bg4 10. Qd3 Bxf3 11. gxf3 c5 12. dxc5 Qb4 13. Bd2 Qxc5 14. Rd1 e6 15. Na4 Qc6 16. c4 Nf6 17. O-O O-O 18. Bg5 Nh5 19. c5 Be5 20. Qe3 f5 21. f4 Bf6 22. Bxf6 Nxf6 23. cxd6 cxd6 24. e5 Nd5 25. Qd4 Rac8 26. exd6 Rfd8 27. Rfe1 Qxd6 28. Re5 Qe7 29. Rde1 Qh4 30. Rxd5 Rxd5 31. Qe3 Rc2 32. Nc3 Rdd2 33. Ne2 Qf6 34. a4 a5 35. Qf3 Qd8 36. Qe3 Qd6 37. Kf1 Qd5 38. Kg1 Rd3 39. Qe5 Qxe5 40. fxe5 Rdd2 41. Nf4 Rxf2 42. Nxe6 Rg2+ 43. Kh1 Rxh2+ 44. Kg1 Rcg2+ 45. Kf1 Rh1+ 0-1

[Event "Quebec-ch"]
[Site "Montreal CAN"]
[Date "2025.08.17"]
[Round "4.4"]
[White "Zheng, Richard"]
[Black "Sai, Krishna GV"]
[Result "0-1"]
[WhiteElo "2291"]
[BlackElo "2390"]
[WhiteFideId "-1"]
[WhiteFideId "-1"]
[PlyCount "66"]
[GameId "2214873076054058"]
[EventDate "2025.08.15"]
[EventType "tourn"]
[EventRounds "9"]
[EventCountry "CAN"]
[EventCategory "2"]
[SourceTitle "The Week in Chess 1607"]
[Source "Mark Crowther"]
[SourceDate "2025.08.25"]
[SourceVersion "1"]
[SourceVersionDate "2025.08.25"]
[SourceQuality "2"]

1. b3 e5 2. Bb2 Nc6 3. e3 Nf6 4. Bb5 e4 5. d3 a6 6. Bxc6 dxc6 7. dxe4 Qxd1+ 8. Kxd1 Nxe4 9. Ke2 a5 10. f3 Nc5 11. Nd2 a4 12. Kf2 Na6 13. a3 Bf5 14. e4 O-O-O 15. Ke2 Be6 16. b4 b5 17. Nh3 c5 18. bxc5 Bxh3 19. gxh3 Nxc5 20. e5 Ne6 21. Ne4 g6 22. Rhd1 Bh6 23. h4 Bf4 24. h3 h5 25. Kf2 Kb7 26. Nf6 Kc6 27. Bc3 Rxd1 28. Rxd1 Rd8 29. Rxd8 Nxd8 30. Bb2 Kc5 31. Ke2 Kc4 32. Ne4 Nc6 33. Ng5 Bxg5 0-1

[Event "Quebec-ch"]
[Site "Montreal CAN"]
[Date "2025.08.17"]
[Round "4.5"]
[White "Latorre, Vincent"]
[Black "Lamontagne, Damien"]
[Result "1-0"]
[WhiteElo "2337"]
[BlackElo "1845"]
[WhiteFideId "-1"]
[WhiteFideId "-1"]
[PlyCount "53"]
[GameId "2214873076054059"]
[EventDate "2025.08.15"]
[EventType "tourn"]
[EventRounds "9"]
[EventCountry "CAN"]
[EventCategory "2"]
[SourceTitle "The Week in Chess 1607"]
[Source "Mark Crowther"]
[SourceDate "2025.08.25"]
[SourceVersion "1"]
[SourceVersionDate "2025.08.25"]
[SourceQuality "2"]

1. e4 c5 2. Nf3 e6 3. d4 cxd4 4. Nxd4 Nc6 5. Nc3 Qc7 6. Be3 a6 7. g4 h6 8. Rg1 b5 9. Nxc6 Qxc6 10. Qd2 b4 11. Ne2 Qd6 12. Nd4 e5 13. Nb3 Qxd2+ 14. Nxd2 Nf6 15. Nc4 Bb7 16. O-O-O Bxe4 17. Nxe5 Be7 18. f3 Bb7 19. Bc4 d5 20. Bd3 Bd6 21. Bd4 g5 22. h4 O-O 23. Rde1 Rfe8 24. hxg5 hxg5 25. Rh1 Re7 26. Re2 Rae8 27. Nd7 1-0

[Event "Quebec-ch"]
[Site "Montreal CAN"]
[Date "2025.08.17"]
[Round "5.1"]
[White "Lamontagne, Damien"]
[Black "Migot, Tangi"]
[Result "0-1"]
[WhiteElo "1845"]
[BlackElo "2344"]
[WhiteFideId "-1"]
[WhiteFideId "-1"]
[PlyCount "166"]
[GameId "2214873076054060"]
[EventDate "2025.08.15"]
[EventType "tourn"]
[EventRounds "9"]
[EventCountry "CAN"]
[EventCategory "2"]
[SourceTitle "The Week in Chess 1607"]
[Source "Mark Crowther"]
[SourceDate "2025.08.25"]
[SourceVersion "1"]
[SourceVersionDate "2025.08.25"]
[SourceQuality "2"]

1. e4 c5 2. Nf3 e6 3. d4 cxd4 4. Nxd4 Nf6 5. Nc3 Bb4 6. Bd3 d6 7. Bd2 O-O 8. O-O e5 9. Nb3 a5 10. a4 Be6 11. Nb5 Bxd2 12. Qxd2 Qb6 13. Rfe1 Rd8 14. Qe3 Qxe3 15. Rxe3 Bxb3 16. cxb3 Na6 17. Bc4 Nc5 18. f3 Kf8 19. Rd1 Ke7 20. Re2 Rac8 21. Red2 Ne8 22. Bd5 Nc7 23. Nxc7 Rxc7 24. Rc2 Rb8 25. Bc4 Rbc8 26. Rcd2 Rc6 27. Bb5 Rb6 28. Rc2 Rc7 29. Rc3 Ne6 30. Rxc7+ Nxc7 31. Bc4 g6 32. Kf2 f5 33. g3 Rc6 34. Rd3 Rc5 35. Ke3 fxe4 36. fxe4 b6 37. h4 h5 38. Rd2 Ne8 39. Rd5 Rc8 40. Rd2 Nf6 41. Be2 Rc1 42. Bf3 Ke6 43. Rd1 Rc2 44. Rd2 Rc1 45. Rd1 Rc5 46. Rd2 d5 47. exd5+ Nxd5+ 48. Bxd5+ Rxd5 49. Rc2 Rc5 50. Rd2 Rc6 51. Rf2 Rd6 52. Rc2 Kf5 53. Rc4 Rd4 54. Rc6 Rb4 55. Rc3 Kg4 56. Kf2 e4 57. Rc6 e3+ 58. Kxe3 Kxg3 59. Rxg6+ Kxh4 60. Rg1 Rxb3+ 61. Kf4 Rb4+ 62. Kf5 Rxa4 63. Rh1+ Kg3 64. Rxh5 Rb4 65. Rh1 Rxb2 66. Ke4 a4 67. Kd3 b5 68. Ra1 Rb3+ 69. Kc2 Kf3 70. Rh1 Ke4 71. Rh4+ Kd5 72. Rh5+ Kc4 73. Rh4+ Kc5 74. Rh5+ Kb4 75. Rh1 Rc3+ 76. Kb2 a3+ 77. Ka1 Rc2 78. Kb1 Rg2 79. Rh4+ Kb3 80. Rh3+ Ka4 81. Rh4+ b4 82. Rh8 Rg1+ 83. Kc2 b3+ 0-1

[Event "Quebec-ch"]
[Site "Montreal CAN"]
[Date "2025.08.17"]
[Round "5.2"]
[White "Sai, Krishna GV"]
[Black "Latorre, Vincent"]
[Result "1-0"]
[WhiteElo "2390"]
[BlackElo "2337"]
[WhiteFideId "-1"]
[WhiteFideId "-1"]
[PlyCount "71"]
[GameId "2214873076054061"]
[EventDate "2025.08.15"]
[EventType "tourn"]
[EventRounds "9"]
[EventCountry "CAN"]
[EventCategory "2"]
[SourceTitle "The Week in Chess 1607"]
[Source "Mark Crowther"]
[SourceDate "2025.08.25"]
[SourceVersion "1"]
[SourceVersionDate "2025.08.25"]
[SourceQuality "2"]

1. e4 e5 2. Nf3 Nf6 3. d4 Nxe4 4. dxe5 d5 5. Nbd2 Qd7 6. Bd3 Nc5 7. Be2 Be7 8. O-O O-O 9. Re1 b6 10. Nd4 Nc6 11. Bb5 Bb7 12. Re3 Ne4 13. Rh3 Ng5 14. Rc3 Bc5 15. N2b3 Ne6 16. Qg4 f5 17. Nxc5 Nxc5 18. Qh4 Nxd4 19. Bxd7 Ne2+ 20. Kh1 Nxc3 21. e6 Nxd7 22. exd7 Ne4 23. Bf4 Rad8 24. f3 Nc5 25. Re1 Rxd7 26. b4 Na6 27. Re7 Bc6 28. Be5 Rxe7 29. Qxe7 Rf7 30. Qd8+ Rf8 31. Qg5 Rf7 32. a3 h6 33. Qd8+ Kh7 34. Qc8 Re7 35. f4 Bb5 36. a4 1-0